|
|
|
|
| LEADER |
00000naa a2200000uu 4500 |
| 001 |
vtls010941311 |
| 003 |
SK-MaSNL |
| 005 |
20260302123156.0 |
| 008 |
210904|2011 xo |||||||||||||||||eng| |
| 015 |
|
|
|a SNBRA
|
| 035 |
|
|
|a (urnnbn)urn:nbn:sk:snk:ar-a0bbze
|
| 035 |
|
|
|a (uuid)fa8db562-f5ae-48c5-b875-5fb2e80857b9
|
| 035 |
|
|
|a urn:nbn:sk:snk-aau48z
|
| 040 |
|
|
|a SNKBUCL
|b slo
|c SNKBUCL
|e AACR2
|
| 041 |
0 |
|
|a eng
|
| 044 |
|
|
|a xo
|c SK
|
| 100 |
1 |
|
|a Phamová, Lucie
|4 aut
|9 807654
|
| 245 |
1 |
0 |
|a INFLUENCE OF SOUND-ABSORBING MATERIALS TO NOISE INSIDE THE CAB - EXCITED BY ACOUSTIC SOURCES
|c Lucie Phamová, Martin Tukač, Tomáš Vampola
|
| 246 |
3 |
|
|a VLIV ZVUK-POHLTIVÝCH MATERIÁLŮ NA HLUK V KABÍNĚ - BUZENO AKUSTICKÝMI ZDROJI
|
| 700 |
1 |
|
|a Tukač, Martin
|4 aut
|9 807655
|
| 700 |
1 |
|
|a Vampola, Tomáš
|4 aut
|9 807656
|
| 773 |
0 |
|
|t PRORAIL 2011
|d Žilina : Vedeckotechnická spoločnosť pri Žilinskej univerzite, 2011
|g S. [39]-44
|z 9788089276325
|
| 958 |
|
|
|a OND
|
| 958 |
|
|
|a article11
|
| 958 |
|
|
|a chapter
|
| 999 |
|
|
|c 1281750
|d 1283680
|